00416nam a2200169Ia 450000500170000000800410001702000120005804000190007004100120008908200110010110000220011224500340013426000330016830000120020165000230021385000100023620230707113652.0131103s9999 xx 000 0 und d c15s.net aLoreto College aEnglish aFbFER aFerrars,Elizabeth aNinth LifecElizabeth Ferrars aLondonbThe Crime Clubc1965 a191 p.  aFiction in English aLCLIB